| 000 | 00927nam a22001937a 4500 | ||
|---|---|---|---|
| 008 | 240129t2020 xxk|||||o|||| 00| 0 eng d | ||
| 041 | _aeng | ||
| 110 | _aRoyal Institution of Chartered Surveyors | ||
| 245 |
_aData protection and reopening the property market: _bBeyond Covid-19 _h[Electronic resource] |
||
| 260 |
_aLondon, _bRoyal Institution of Chartered Surveyors, _c27 May 2020 |
||
| 300 | _a9p. | ||
| 520 | _aAfter consulting with the Information Commissioner's Office, RICS provided advice for firms, which advised that different legal bases would apply for staff data and home-occupier data. | ||
| 650 | _aDATA PRIVACY | ||
| 650 | _aCOVID-19 | ||
| 651 | _aUnited Kingdom | ||
| 710 | _aRoyal Institution of Chartered Surveyors | ||
| 856 |
_uhttps://www.rics.org/content/dam/ricsglobal/documents/standards/covid_19_data_protection_and_reopening_the_property_market.pdf _zAvailable free on RICS.org |
||
| 942 | _n0 | ||
| 999 |
_c121782 _d121782 |
||